| 000 | 00778nam a2200217Ia 4500 | ||
|---|---|---|---|
| 008 | 130821s2011 fr gr eng | ||
| 020 | _a978 842 0105 5 | ||
| 040 |
_aCo-BoUCM _bspa |
||
| 041 | 0 | 0 | _aeng |
| 110 | 2 |
_aInternational Chamber of Commerce. _959681 |
|
| 245 | 1 | 0 |
_aICC Model international franchising contract _cInternational Chamber of Commerce |
| 260 |
_aParís (Francia) _bInternational Chamber of Commerce _c2011 |
||
| 300 |
_a59 páginas _e1 CD-ROM |
||
| 500 | 1 | _aIncluye índice. | |
| 650 |
_aDerecho comercial _912717 |
||
| 650 |
_aDerecho económico internacional _912759 |
||
| 650 |
_aDerecho internacional _912776 |
||
| 650 |
_aPrivilegios e inmunidades _922306 |
||
| 942 |
_cLIBRO _a8 _e1 _mI612 _2DEWEY _h341.753 |
||
| 999 |
_c75447 _d75447 |
||